Digital telephony (Record no. 3592)

000 -LEADER
fixed length control field 00571nam a2200217 a 4500
001 - CONTROL NUMBER
control field 3592
003 - CONTROL NUMBER IDENTIFIER
control field BD-DhUET
008 - FIXED-LENGTH DATA ELEMENTS--GENERAL INFORMATION
fixed length control field 900501s1991 nyua b 001 0 eng
020 ## - INTERNATIONAL STANDARD BOOK NUMBER
International Standard Book Number 0471620564
040 ## - CATALOGING SOURCE
Original cataloging agency DLC
Transcribing agency DLC
Modifying agency BD-DhUET
082 ## - DEWEY DECIMAL CLASSIFICATION NUMBER
Classification number 623.85
Item number BEL/1991
100 ## - MAIN ENTRY--PERSONAL NAME
Personal name Bellamy, John
245 10 - TITLE STATEMENT
Title Digital telephony
250 ## - EDITION STATEMENT
Edition statement 2nd ed.
260 ## - PUBLICATION, DISTRIBUTION, ETC. (IMPRINT)
Place of publication, distribution, etc. New York
Name of publisher, distributor, etc. John wiley & sons
Date of publication, distribution, etc. 1991
300 ## - PHYSICAL DESCRIPTION
Extent xix, 572 p.
Other physical details ill.
Dimensions 25 cm.
490 ## - SERIES STATEMENT
Series statement Wiley Series in telecommunications
504 ## - BIBLIOGRAPHY, ETC. NOTE
Bibliography, etc Includes bibliographies
650 #0 - SUBJECT ADDED ENTRY--TOPICAL TERM
Topical term or geographic name as entry element Digital telephony
942 ## - ADDED ENTRY ELEMENTS (KOHA)
Koha item type General Book
Holdings
Withdrawn status Koha issues (times borrowed) Koha date last borrowed Shelving location Lost status Location (home branch) Koha normalized classification for sorting Not for loan Source of classification or shelving scheme Sublocation or collection (holding branch) Date acquired Damaged status Koha date last seen Price effective from Koha item type Copy number Piece designation (barcode) Koha full call number
 22015-10-10Circulation section Central Library, BUET623_000000000000000_85BEL1991  Central Library, BUET2014-11-02 2016-02-062014-11-02General Book183618623.85/BEL/1991
   Circulation section Central Library, BUET623_000000000000000_85BEL1991  Central Library, BUET2014-11-02 2017-08-262014-11-02General Book283620623.85/BEL/1991
   Circulation section Central Library, BUET623_000000000000000_85BEL1991  Central Library, BUET2014-11-02 2017-08-162014-11-02General Book383623623.85/BEL/1991
 22023-03-07Circulation section Central Library, BUET623_850000000000000_BEL_1991  Central Library, BUET2014-11-02 2024-02-202014-11-02General Book486339623.85/BEL/1991
   Reading section Central Library, BUET623_850000000000000_BEL_1991  Central Library, BUET2015-07-01 2015-07-012015-07-01Reading Item587594623.85/BEL/1991
   Rental section Central Library, BUET623_850000000000000_BEL_1991  Central Library, BUET1992-06-06 2024-12-092024-12-09Rental Itemক-১83563623.85 BEL/1991
   Rental section Central Library, BUET623_850000000000000_BEL_1991  Central Library, BUET1992-06-06 2024-12-092024-12-09Rental Itemক-২83564623.85 BEL/1991
   Rental section Central Library, BUET623_850000000000000_BEL_1991  Central Library, BUET1992-06-06 2024-12-092024-12-09Rental Itemক-৩83565623.85 BEL/1991
   Rental section Central Library, BUET623_850000000000000_BEL_1991  Central Library, BUET1992-06-06 2024-12-092024-12-09Rental Itemক-৪83566623.85 BEL/1991
   Rental section Central Library, BUET623_850000000000000_BEL_1991  Central Library, BUET1992-06-06 2024-12-092024-12-09Rental Itemক-৫83567623.85 BEL/1991
   Rental section Central Library, BUET623_850000000000000_BEL_1991  Central Library, BUET1992-06-06 2024-12-092024-12-09Rental Itemক-৬83568623.85 BEL/1991
   Rental section Central Library, BUET623_850000000000000_BEL_1991  Central Library, BUET1992-06-06 2024-12-092024-12-09Rental Itemক-৭83569623.85 BEL/1991
   Rental section Central Library, BUET623_850000000000000_BEL_1991  Central Library, BUET1992-06-06 2024-12-092024-12-09Rental Itemক-৮83570623.85 BEL/1991
   Rental section Central Library, BUET623_850000000000000_BEL_1991  Central Library, BUET1992-06-06 2024-12-092024-12-09Rental Itemক-৯83571623.85 BEL/1991
   Rental section Central Library, BUET623_850000000000000_BEL_1991  Central Library, BUET1992-06-06 2024-12-092024-12-09Rental Itemক-১০83572623.85 BEL/1991
   Rental section Central Library, BUET623_850000000000000_BEL_1991  Central Library, BUET1992-06-06 2024-12-092024-12-09Rental Itemক-১১83573623.85 BEL/1991
   Rental section Central Library, BUET623_850000000000000_BEL_1991  Central Library, BUET1992-06-06 2024-12-092024-12-09Rental Itemক-১২83574623.85 BEL/1991
   Rental section Central Library, BUET623_850000000000000_BEL_1991  Central Library, BUET1992-06-06 2024-12-092024-12-09Rental Itemক-১৩83575623.85 BEL/1991
   Rental section Central Library, BUET623_850000000000000_BEL_1991  Central Library, BUET1992-06-06 2024-12-092024-12-09Rental Itemক-১৪83576623.85 BEL/1991
   Rental section Central Library, BUET623_850000000000000_BEL_1991  Central Library, BUET1992-06-06 2024-12-092024-12-09Rental Itemক-১৫83577623.85 BEL/1991